Democracy, development, and the countryside : urban-rural struggles in India
Αποθηκεύτηκε σε:
| Κύριος συγγραφέας: | |
|---|---|
| Μορφή: | Βιβλίο |
| Γλώσσα: | English |
| Δημοσίευση: |
Cambridge :
Cambridge University Press,
c1998
|
| Σειρά: | Cambridge studies in comparative politics
|
| Θέματα: | |
| Ετικέτες: |
Προσθήκη ετικέτας
Δεν υπάρχουν, Καταχωρήστε ετικέτα πρώτοι!
|
MARC
| LEADER | 00000nam a2200000 i 4500 | ||
|---|---|---|---|
| 001 | 1/98699 | ||
| 008 | 000121s1998 eng d | ||
| 020 | |a 0-521-64625-1 | ||
| 035 | |l 10056608 | ||
| 040 | |a GR-MY-UA |b gre |e aacr | ||
| 041 | 0 | |a eng | |
| 082 | 0 | |a 338.954 | |
| 100 | 1 | |a Varshney, Ashutosh |d 1957- | |
| 245 | 1 | 0 | |a Democracy, development, and the countryside : |b urban-rural struggles in India / |c Ashutosh Varshney |
| 260 | |a Cambridge : |b Cambridge University Press, |c c1998 | ||
| 300 | |a 214 p. |b fig.; tabl. | ||
| 490 | 1 | |a Cambridge studies in comparative politics | |
| 504 | |a Includes bibliographical references and index | ||
| 650 | 0 | 0 | |a Rural development |z India. |
| 650 | 0 | 0 | |a Urbanization |z India. |
| 651 | 0 | |a India |x Politics and government |y 1947- | |
| 830 | 0 | |a Cambridge studies in comparative politics | |
| 852 | |a INST |b LESVOS |e 20000121 |h 338.954 VAR |p 005100022096 |q 005100022096 |t BK |y 0 | ||
| 901 | |a BIBL1-2000-1 | ||
| 909 | |a Λ |b 070421 | ||
| 922 | |a 1ΕΛΗ |b 199911 |c ΚΠΣ/ΤΓ |d LEADER | ||
| 950 | |a 118-1999-09-03 | ||
| 970 | |a ΜΟΥΣΤΑΚΑ |b ΠΗΝΕΛΟΠΗ |z 2000/01/24 | ||